| 000 | 01490nam a22002657a 4500 | ||
|---|---|---|---|
| 005 | 20081106101154.0 | ||
| 008 | 081106t xxu||||| |||| 00| 0 hin d | ||
| 010 | _aHIN-85429 | ||
| 020 |
_c260.00 _a9788184880526 |
||
| 035 | _aHN-57775 | ||
| 037 | _bDBAD / PUB | ||
| 040 |
_aDPL _bHN |
||
| 082 | _a657.42 | ||
| 100 | _a अरोड़ा, एम.एन. | ||
| 245 |
_aलागत लेखांकन : _cएम.एन.अरोड़ा तथा प्रियंका कतयाल _bदिल्ली विश्वविद्यालय के बी कॉम कार्यक्रम के पाठ्यक्रमानुसार / |
||
| 246 |
_aLaagata lekhaankana _bby M.N. Arora & Priyanka Katyal |
||
| 260 |
_aमुम्बई _bहिमालय पब्लिशिंग हाऊस _c2008 |
||
| 270 |
_aरामदूत डॉ.भालेराव मार्ग गिरगाँव(केलेवाडी), _bमुम्बई _e400004 _k23860170, 23863863 _l022-23877178 |
||
| 300 |
_aवि. पृ _c24सेमी(अजिल्द) |
||
| 650 | _aलागत लेखांकन | ||
| 650 | _aCost accounting | ||
| 700 | _aकतयाल, प्रियंका | ||
| 942 |
_2ddc _cHN _mअरोड़ा _h657.42 |
||
| 999 |
_c19742 _d19742 |
||